000 00840nam a2200217Ia 4500
003 GCL
008 140319s9999 xx 000 0 ara d
020 _a9370327977
040 _aGCL /
_cGCL
082 0 4 _a953.072
_bج ح
100 1 _aجمال طه
245 1 0 _aالحياة الاجتماعية بالمغرب الاقصى فى العصر الاسلامى :
_bعصر المرابطين والموحدين /
_cجمال طه
250 _aالاولى
260 _aالقاهرة :
_bعين للدراسات والبحوث الانسانية والاجتماعية ،
_c2004
300 _a437 ص ؛
_c28 سم
650 0 4 _aالمرابطون
650 0 4 _aالموحدون
650 0 4 _aالمغرب - تاريخ - العصر الاسلامى
650 0 4 _aالمغرب - الاحوال الاجتماعية
942 _2ddc
_cBK
999 _c33429
_d33429